| 000 | 00321nam a22001337a 4500 | ||
|---|---|---|---|
| 020 | _a9812531300 | ||
| 040 | _cnust | ||
| 082 |
_a519.40285 _bGil |
||
| 100 |
_aGilat, Amos _919446 |
||
| 245 |
_aMatlab _bAn Introduction With applications |
||
| 260 |
_aIndia: _bWiley, _c2004. |
||
| 650 |
_aMatlab _994870 |
||
| 942 |
_2ddc _cBK |
||
| 999 |
_c609041 _d609041 |
||